000 00589nam a2200193Ia 4500
003 GCL
008 140319s9999 xx 000 0 ara d
040 _aGCL /
_cGCL
082 0 4 _a027.4
_bا م
100 1 _aاحمد انور عمر
245 1 0 _aالمكتبات العامة بين التخطيط والتنفيذ /
_cاحمد انور عمر
260 _a[S.N] :
_bدار النهضة العربية ،
_c1983
300 _a445 ص
490 _a
650 0 4 _aتنظيم وادارة
650 0 4 _aالتخطيط
650 0 4 _aالمكتبات العامة
942 _2ddc
_cBK
999 _c37031
_d37031